'R' Television Characters Quiz Stats

Quiz Updated Sep 25, 2016

Challenge
Share
Tweet
Score 0/20 Timer 05:00
3 Plays Today
% Correct
Ray Barone
96.8%
Ross Geller
94.4%
Roseanne Conner
85.2%
Raj Koothrappali
82.8%
Ron Swanson
72.3%
Red Forman
68.1%
Rose Nylund
68%
Robin Scherbatsky
66.1%
Ricky Ricardo
65.8%
Ralph Wiggum
60.2%
% Correct
Rachel Berry
57.2%
Rory Gilmore
56.6%
Rocko
53.6%
Roz Doyle
49.5%
Ryan Howard
47.2%
Rhoda Morgenstern
47%
Randy Taylor
40.6%
Ramsay Bolton
32.6%
Roger Sterling
29.4%
Richard Webber
29%

You're not logged in!

Compare scores with friends on all Sporcle quizzes.
Sign Up with Email
OR
Log In

You Might Also Like...

Show Comments

Extras

Top Quizzes Today


Score Distribution

Your Account Isn't Verified!

In order to create a playlist on Sporcle, you need to verify the email address you used during registration. Go to your Sporcle Settings to finish the process.